| 000 | 00770nam a2200265 ar4500 | ||
|---|---|---|---|
| 001 | 4035 | ||
| 003 | OSt | ||
| 005 | 20260108132238.0 | ||
| 008 | 260108s xxua 00110 eng d | ||
| 020 |
_a9780138157630 _cGift |
||
| 040 | _c. | ||
| 082 | 0 | 4 | _b658.3 R538 2010 |
| 100 | 1 | _aRobbins, Stephen P. | |
| 245 | 1 | 0 |
_aEssentials of organizational behavior / _cStephen Robbins, Timothy Judge. |
| 250 | _a10th ed. | ||
| 260 |
_aBoston, Mass; _bPearson, _c2010. |
||
| 300 |
_a429 p _c24 cm. |
||
| 500 | _aPrev. ed.: 2012. | ||
| 504 | _aIncludes bibl. references and index. | ||
| 650 | 4 | _aOrganizational behavior. | |
| 650 | 4 | _aPersonnel management. | |
| 650 | 4 |
_aManagement _xPsychological aspects. |
|
| 700 | 0 |
_aJudge, Timothy A., _ejt. auth. |
|
| 942 |
_2ddc _cBK-EN |
||
| 999 |
_c8483 _d8483 |
||